Szczegóły MARC21

Rola Poczty Polskiej na liberalizowanym krajowym rynku pocztowym : X Sympozjum Poczty Polskiej, Szczecin, 17-19.X.2003 /

005 -DATA I CZAS OSTATNIEJ MODYFIKACJI [,]
    • @
    • pole kontrolne
    • 20090115133248.0
020 -Międzynarod. znormalizowany nr książki - ISBN [ , ]
    • a
    • Numer ISBN
    • 8390561395 Find
040 -Instytucja sporządzająca opis [ , ]
    • a
    • Instytucja, która sporządziła opis (NP)
    • SZCZ U
    • c
    • Instytucja, która sporządziła rekord (NP)
    • SZCZ U
    • d
    • Instytucja, która zmodyfikowała rekord (P)
    • SZCZ U/RJ
041 -Język dokumentu [0, ]
    • a
    • Język tekstu (P)
    • polski
044 -Kraj miejsca wydania [ , ]
    • a
    • Kraj miejsca wydania
    • Polska
942 -Rodzaj dokumentu [ , ]
    • c
    • Rodzaj dokumentu
    • Książka
111 -Hasło główne - nazwa imprezy [2, ]
    • a
    • Nazwa imprezy (NP)
    • Sympozjum Poczty Polskiej Find
    • c
    • Miejsce imprezy (NP)
    • Szczecin).
    • d
    • Data imprezy (NP)
    • 2003 ;
    • n
    • Numer imprezy (P)
    • (10 ;
245 -Strefa tytułu i oznaczenia odpowiedzialności [0,0]
    • a
    • Tytuł
    • Rola Poczty Polskiej na liberalizowanym krajowym rynku pocztowym : Find
    • b
    • Ciąg dalszy tytułu (NP)
    • X Sympozjum Poczty Polskiej, Szczecin, 17-19.X.2003 / Find
    • c
    • Pozostałe elementy strefy tytułu i oznaczenia odpowiedzialności (NP)
    • [oprac. red. Maciej Czaplewski, Piotr Ładny] ; Centralny Zarząd Poczty Polskiej [i in.].
246 -Wariant tytułu [1,8]
    • a
    • Tytuł (NP)
    • Sympozjum Poczty Polskiej, 10
    • i
    • Tekst wyświetlany na ekranie monitora (NP)
    • Tyt. grzbietowy:
260 -Strefa adresu wydawniczego [ , ]
    • a
    • Miejsce wydania (P)
    • Szczecin :
    • b
    • Nazwa wydawcy (P)
    • [Dyrekcja Okręgu Poczty],
    • c
    • Data wydania (P)
    • 2003.
300 -Strefa opisu fizycznego [ , ]
    • a
    • Określenie formy książki i/lub objętość (NP)
    • 672 s. :
    • b
    • Oznaczenie ilustracji (NP)
    • il. ;
    • c
    • Format (NP)
    • 24 cm.
504 -Uwaga dot. bibliogr. załącznikowej [ , ]
    • a
    • Uwaga dot. bibliografii załącznikowej
    • Bibliogr.
080 -Uniwersalna Klasyfikacja Dziesiętna [ , ]
    • 2
    • Identyfikator wydania tablic
    • UDC-P058, UDC-P022
    • a
    • Symbol klasyfikacji
    • 656.8
    • b
    • Dopowiedzenie
    • Poczta.
    • x
    • Poddział wspólny
    • (438)
    • b
    • Dopowiedzenie
    • (Polska).
    • x
    • Poddział wspólny
    • (4-67)
    • b
    • Dopowiedzenie
    • (Kraje Unii Europejskiej).
    • x
    • Poddział wspólny
    • "1989/..."
    • b
    • Dopowiedzenie
    • Od 1989.
    • x
    • Poddział wspólny
    • (061)
    • b
    • Dopowiedzenie
    • (Wydawnictwa odnoszące się do konferencji, zjazdów itd. Sprawozdania z konferencji).
980 -Symbol UKD [ , ]
    • a
    • UKD
    • 656.8(438:4-67)"1989/..."(061)
700 -Hasło dodatkowe - nazwa osobowa [1, ]
    • a
    • Nazwa osobowa (NP)
    • Ładny, Piotr. Find
    • e
    • Określenie rodzaju współpracy
    • Red.
700 -Hasło dodatkowe - nazwa osobowa [1, ]
    • a
    • Nazwa osobowa (NP)
    • Czaplewski, Maciej. Find
    • e
    • Określenie rodzaju współpracy
    • Red.
    • 9
    • KHW
    • 7635
920 -ISBN [ , ]
    • a
    • ISBN
    • 83-905613-9-5 Find
Status udost. Numer inwentarzowy Sygnatura Lokalizacja Data inwentaryzacji
-3T.7816T.7816T2004-04-08
-6TM.2160TM.2160T2004-04-08
-6TM.2161 T2004-04-08
-3TM.2162TM.2162T2004-04-08
-6TM.2163TM.2163T2004-04-08
-6TM.2164TM.2164T2004-04-08
-6TM.2165TM.2165T2004-04-08
-6TM.2166TM.2166T2004-04-08
-6TM.2167TM.2167T2004-04-08
-6TM.2168TM.2168T2004-04-08
-6TM.2169TM.2169T2004-04-08
-6TM.2170TM.2170T2004-04-08
-6TM.3215TM.3215T2005-04-13
-6TM.3216TM.3216T2005-04-13
-6TM.3217TM.3217T2005-04-13
-11TM.4929TM.4929T2007-09-03